00858 a2200181 45000010006000000050017000060080041000230030015000640400040000790800026001192450028001452640027001733000019002005050324002190410008005431000026005518560099005774630820260407155735.0260407a1970 arg spa dAR-UNSa-BCEJYS aAR-UNSa-BCEJYSbspacAR-UNSa-BCEJYS a330.43xEconometría10aTeoría econométrica 1aMadrid :bTecnosc1970 a414 p.c24 cm. a1. Introducción – 2. Conceptos básicos del álgebra matricial – 3. Conceptos básicos de las inferencia estadística – 4. Regresión lineal clásica – 5. Ampliaciones de la regresión lineal – 6. Regresión lineal con regresores estocásticos – 7. Sistemas de relaciones lineales simultáneas.  aspa1 aGoldberger, Arthur S.41uhttps://www.biblioeco.unsa.edu.ar/pmb/images/libros/L128290.jpgyImagen de portadaqimage/jpeg